000 00374nam a22001457a 4500
020 _qPB.
040 _cFIZZA ISHAQ
082 _a006.6
_bFAT
100 _aABD,E.FATHI.
_9110474
245 _aIMAGE ENCRYPTION A COMMUNICATION PERSPECTIVE /
_cFATHI E.ABD EL SAMIE.
250 _a7TH ED.
260 _aNEW YORK ;
_bCRC PRESS,
_c2014.
300 _a766 P. ;
942 _2ddc
_cBK
999 _c593798
_d593798